000 00565nam a22002057i 4500
999 _c5957
_d5957
001 6370
003 OSt
005 20181119112543.0
007 tu
008 161220s xxu||||| |||| 00| 0 d
020 _a9282768015
024 7 _a6370
_2RID
024 7 _a6370
_2RSN (alt)
040 _cOSt
110 2 _aEuropäische Kommission
245 0 0 _aFrauen - Akteurinnen der Regionalentwicklung
260 _aLuxemburg :
_bAmt für Veröffentlichungen der Europäischen Gemeinschaften.
490 _aEuropäische Union. Regionalpolitik und Kohäsion
942 _cP